| 000 | 00818nam a2200229 4500 | ||
|---|---|---|---|
| 005 | 20240530110913.0 | ||
| 008 | 220326s2009 a f b 000 0 ara d | ||
| 017 |
_a2008/17484 _bمصر. دار الكتب |
||
| 020 | _a9775471745 | ||
| 040 |
_aEG-CaGPL _cEG-CaGPL |
||
| 082 | 0 | 4 |
_221 _a792\ _bس و |
| 100 | 0 | _aسهى ابراهيم عبدالسلام | |
| 245 | 1 | 2 |
_aالواقعية فى المسرح المعاصر : _bنعمان عاشور نموذجا / _cسهى ابراهيم عبدالسلام |
| 250 | _aط.1 | ||
| 260 |
_aالقاهرة : _bمصر العربية للنشر والتوزيع، _c2009 |
||
| 300 |
_a239 ص. ؛ _c24 سم |
||
| 600 | 0 | _aنعمان عاشور | |
| 650 | 0 | 7 |
_2qrmak _aالمسرح |
| 651 | _2qrmak | ||
| 942 |
_2ddc _cBK |
||
| 999 |
_c66342 _d66342 |
||